| 000 | 00576nam a22001937a 4500 | ||
|---|---|---|---|
| 003 | NUST | ||
| 005 | 20240731103918.0 | ||
| 020 | _a978-81-224-2598-7 | ||
| 082 |
_a530 _bSIN |
||
| 100 |
_aR.B. Singh _910679 |
||
| 245 |
_aIntroduction to Modern Physics _cR.B.Singh |
||
| 250 |
_a2nd _bVol-II |
||
| 260 |
_aNew Delhi India _bNew AGE International Publishers _c2010 |
||
| 300 |
_aXIV-323 _bPb |
||
| 440 |
_aIntroduction to Modern Physics _9124915 |
||
| 505 | _tIntroduction to Modern Physics | ||
| 600 |
_aR.B.Sigh _9124916 |
||
| 942 |
_2ddc _cBK _e2nd ed. _k530 _m530 SIN 2010 |
||
| 999 |
_c610685 _d610685 |
||